Statistiques concernant La mort des Rois de France

Cliquez ici pour prendre le quiz!

Statistiques générales

  • Ce quiz a été pris 299 fois
  • Le résultat moyen est 5 sur 9

Statistiques - réponses

HintRéponse% Correct
Decapité à la guillotineLouis XVI
99%
Assassiné par RavaillacHenri IV
96%
Mort en tournoiHenri II
68%
Assassiné par un moineHenri III
53%
Se cogne contre un linteau de porteCharles VIII
49%
Sur l'île de Ste HélèneNapoléon Ier
47%
Mort de dyssentrieLouis IX
32%
Mort d'un dragée empoisonnée (selon Druon)Louis X
23%
Septicémie suite à une infection de sa fistule vesico-périnaleFrançois Ier
11%

Distribution des résultats

Percentile par nombre de réponses

% des personnes avec chaque résultat

Votre développement - résultats

Vous n’avez pas pris ce quiz